000
00223nam a22000857a 4500
008
160712b xxu||||| |||| 00| 0 eng d
100
_9
2624
_a
Furlow, E.S
245
_a
The Human Touch
260
_a
Atlanta
_b
Southern Baptist
_c
1975
999
_c
2279
_d
2279